| 000 | 00706nam a2200217Ii 4500 | ||
|---|---|---|---|
| 003 | JO-AjNU | ||
| 008 | 230605s9999||||xx |||||||||||||| ||und|| | ||
| 017 | _a98/2014 | ||
| 020 | _a977-01-5564-0 | ||
| 040 |
_aJO-AjNU _bara _erda _cJO-AjNU |
||
| 041 | _aara | ||
| 050 | 1 | 4 | _aRC438.E4712 1998 |
| 100 | 3 |
_aبرن ، اريك, _eauthor _98051 |
|
| 245 | 0 | 0 | _aالطب النفسي والتحليل النفسي |
| 264 | 3 | 1 | _aالقاهرة:الهيئة المصرية العامه للكتاب ، 1998 |
| 300 | _a414ص | ||
| 336 |
_atext _btxt _2rdacontent |
||
| 337 |
_aunmediated _bn _2rdamedia |
||
| 338 |
_avolume _bnc _2rdacarrier |
||
| 650 | 4 |
_aالطب النفسي -التحليل النفسي _98052 |
|
| 999 |
_aA591 _c4159 _d4159 |
||